|
|
|
|
| LEADER |
01006nam a2200241 a 4500 |
| 001 |
000672813 |
| 003 |
CZ BrMZK |
| 005 |
20061123083617.0 |
| 008 |
030606s1977 xr f cze d |
| 040 |
|
|
|a BOA001
|b cze
|c BOA001
|
| 100 |
1 |
|
|a Bureš, Jan,
|d 1919-1989
|7 jz8600087
|4 aut
|
| 245 |
1 |
0 |
|a Hospodářská korespondence pro 2. ročník ekonomických škol, obor hospodářská administrativa /
|c Jan Bureš, Josef Kocourek
|
| 250 |
|
|
|a 2. vyd.
|
| 260 |
|
|
|a Praha :
|b Státní pedagogické nakladatelství,
|c 1977
|
| 300 |
|
|
|a 101 s.
|
| 490 |
1 |
|
|a Učebnice odborných a středních odborných škol
|
| 504 |
|
|
|a Bibliografie na s. 101
|
| 700 |
1 |
|
|a Kocourek, Josef,
|d 1916-2004
|7 jn20020903051
|4 aut
|
| 830 |
|
0 |
|a Učebnice odborných a středních odborných škol
|0 s
|
| 910 |
|
|
|a BOA001
|b PK-N-0016.631-77
|
| 964 |
|
|
|a Korespondence obchodní - učebnice - školy ekonomické střední
|
| 990 |
|
|
|a BK
|
| 996 |
7 |
|
|b 3119654771
|c PK-N-0016.631-77
|l MZK
|r Sklad / do 1 hodiny
|n 0
|w 000672813
|u 000010
|a 1
|e BOA001
|j MZK50
|s A
|